Statistics for Borussia Dortmund - Bayern Munich 2019-20

Click here to take the quiz!

General Stats

  • This quiz has been taken 139 times
  • The average score is 22 of 32

Answer Stats

Player% Correct
Manuel Neuer
97%
Robert Lewandowski
97%
Mats Hummels
93%
Thomas Müller
93%
Joshua Kimmich ¹
92%
Leon Goretzka
92%
Serge Gnabry
91%
Erling Braut Haaland
88%
Kingsley Coman
88%
Roman Bürki
88%
Alphonso Davies
86%
Jérôme Boateng
86%
Benjamin Pavard
81%
Jadon Sancho
79%
David Alaba
77%
Hansi Flick
75%
Thorgan Hazard
66%
Manuel Akanji
65%
Raphaël Guerreiro
65%
Axel Witsel
64%
Emre Can
64%
Julian Brandt
63%
Lucas Hernández
53%
Lucien Favre
52%
Achraf Hakimi
51%
Giovanni Reyna
46%
Mahmoud Dahoud
45%
Łukasz Piszczek
44%
Thomas Delaney
44%
Javi Martínez
41%
Mario Götze
39%
Ivan Perišić
28%

Score Distribution

Percentile by Number Answered

Percent of People with Each Score

Your Score History

You have not taken this quiz